| 000 | 00939cam a2200241Ka 4500 | ||
|---|---|---|---|
| 005 | 20260120113118.0 | ||
| 008 | 141203s2005 xxu fr 001 0 eng d | ||
| 020 | _a9780060851149 | ||
| 040 |
_aCO-BoUCM _cJose A. Gerena _dSandra Palacio (modificó) _bspa |
||
| 041 | 0 | _aeng | |
| 100 | 1 |
_aDrucker, Peter F. _q(Peter Ferdinand) _d1909-2005 _966179 |
|
| 245 | 1 | 0 |
_aManaging the non-profit organization _bpractices and principles _cPeter F. Drucker |
| 246 | 1 | 4 | _aManaging the nonprofit organization |
| 260 |
_aNueva York (Estados Unidos) _bHarper _c2005 |
||
| 300 | _axix, 235 páginas | ||
| 500 | _aIncluye índice. | ||
| 650 | 7 |
_aAdministración de empresas _9435 |
|
| 650 | 7 |
_aOrganizaciones sin animo de lucro _xAdministración _920872 |
|
| 650 | 7 |
_aPlanificación empresarial _921660 |
|
| 690 |
_aAdministración de empresas _9435 |
||
| 942 |
_2DEWEY _a16 _cLIBRO _e1 _h658.4063 _mD794 _n0 |
||
| 999 |
_c297732 _d297732 |
||